| 000 | 01751cam a2200349Ia 4500 | ||
|---|---|---|---|
| 001 | 9780203097120 | ||
| 003 | BD-DhSAU | ||
| 005 | 20151012151718.0 | ||
| 006 | m|||||o||d|||||||| | ||
| 007 | cr|||| | ||
| 008 | 140506s2013 nyuad ob 001 0 eng d | ||
| 020 | _a9780203097120 (e-book : PDF) | ||
| 040 |
_aBD-DhSAU _cBD-DhSAU |
||
| 090 |
_aHC79.T4 _bH453 2013 |
||
| 092 |
_a338.064 _bH469 |
||
| 100 | 1 | _aHeinrich, Torsten. | |
| 245 | 1 | 0 |
_aTechnological change and network effects in growth regimes _h[electronic resource] : _bexploring the microfoundations of economic growth / _cTorsten Heinrich. |
| 260 |
_aNew York : _bRoutledge, _c2013. |
||
| 300 |
_axxiv, 358 p. : _bill. |
||
| 490 | 1 |
_aRoutledge advances in heterodox economics ; _v17 |
|
| 504 | _aIncludes bibliographical references and index. | ||
| 505 | 0 | _a1. Introduction : the poor craftsman and the wealthy inventor -- 2. Methods for an analysis of economic growth and network effects -- 3. A literature review : models of economic growth -- 4. Network economics -- 5. A complex model of growth, technological change and networks effects -- 6. Case study : the information and communication technology sector and economic growth -- 7. Conclusions : the technologies, the networks and the next wave of growth. | |
| 530 | _aAlso available in print edition. | ||
| 538 | _aMode of access: World Wide Web. | ||
| 650 | 0 |
_aTechnological innovations _xEconomic aspects. |
|
| 650 | 0 |
_aDiffusion of innovations _xEconomic aspects. |
|
| 650 | 0 | _aEconomic development. | |
| 655 | 7 |
_aElectronic books. _2lcsh |
|
| 776 | 1 | _z9780415631105 (hardback) | |
| 830 | 0 |
_aRoutledge advances in heterodox economics ; _v17. |
|
| 856 | 4 | 0 | _uhttp://www.tandfebooks.com/isbn/9780203097120 |
| 999 |
_c12442 _d12441 |
||